Business analytics : data analysis and decision making (Record no. 281865)

MARC details
000 -LEADER
fixed length control field 00518nam a2200181Ia 4500
005 - DATE AND TIME OF LATEST TRANSACTION
control field 20241115105330.0
008 - FIXED-LENGTH DATA ELEMENTS--GENERAL INFORMATION
fixed length control field 240126s9999 xx 000 0 und d
020 ## - INTERNATIONAL STANDARD BOOK NUMBER
International Standard Book Number 9788131526613
082 ## - DEWEY DECIMAL CLASSIFICATION NUMBER
Classification number 658.401 ALB;2
100 ## - MAIN ENTRY--PERSONAL NAME
Personal name Albright, S Christian. Winston, Wayne L.
245 #0 - TITLE STATEMENT
Title Business analytics : data analysis and decision making
250 ## - EDITION STATEMENT
Edition statement 5th ed.
260 ## - PUBLICATION, DISTRIBUTION, ETC. (IMPRINT)
Name of publisher, distributor, etc. Cengage Learning
Place of publication, distribution, etc. Andover
Date of publication, distribution, etc. 2015
300 ## - PHYSICAL DESCRIPTION
Extent xviii, 990
440 ## - SERIES STATEMENT/ADDED ENTRY--TITLE
Title NULL
650 ## - SUBJECT ADDED ENTRY--TOPICAL TERM
Topical term or geographic name as entry element Business,analytics,decision,making
942 ## - ADDED ENTRY ELEMENTS (KOHA)
Koha item type PESU Books
Holdings
Date last seen Total Checkouts Full call number Accession number Old discount Checked out Volume/Issue Number Date checked out Cost, replacement price Price effective from Category Lost status Damaged status Department Withdrawn status bill no. Permanent Location Current Location Shelving location Entry date Vendor Cost, normal purchase price Grants Currency symbol Conversion rate Discount Discount type
02/04/2024 1 658.401 ALB;2 PU7099 26 25/01/2019 (07/07/1905) 02/04/2024 573.50 26/01/2024 PESU Books     MBA   205 Central Library Central Library MBA 03/07/2017 Surya Book Supplier 775.00 MBA RS 1 201.5 Rupees

© For any Suggestions or Query, please contact the library staff @ librarian@pes.edu or Phone: +9180 2672 1983/ 2108.